| Registos Bibliográficos associados ao registo de autoridade |
|
Etiqueta de registo: 00230nam 2200025 450 001 1742071 003 http://id.bnportugal.gov.pt/bib/catbnp/1742071 010 ## $a978-972-8690-30-4 021 ## $aPT$b275550/08 100 ## $a20100330d2008 d y0pory0103 ba 101 0# $apor 102 ## $aPT 105 ## $aa z 000yy 106 ## $ar 200 1# $aConversar com os filhos sobre sexualidade$fCristina Sá Carvalho$gcolab. Mary Stilwell D'Avillez 210 #9 $aLisboa$cFundação Secretariado Nacional de Educação Cristã,$d2007 215 ## $a165, [2] p.$cil.$d23 cm 225 2# $aEducação ao longo da vida$v1 675 ## $a613.88(035)$vBN$zpor$3561136 675 ## $a272-447-47(035)$vBN$zpor$31422956 700 #1 $aCarvalho,$bCristina Sá,$f1963-$31626322 702 #1 $aAvillez,$bMary Stilwell de$4205$31416022 801 #0 $aPT$bBN$gRPC 900 ## $aBIBNAC$d20100706 966 ## $lBN$mFGMON$sS.A. 131685 V.$x1 966 ## $lBN$mFGMON$sS.A. 131685 V.-D$x1
|
|
|